Zákon o konkurze a reštrukturalizácii - novela

Výrazné zmeny v konkurznom práve, ktoré zásadným spôsobom zjednodušujú a sprehľadňujú konkurzné právo v SR.

Enregistré dans:
Détails bibliographiques
Auteur principal: Sandtner, Lucia
Format: Chapitre de livre
Langue:slovaque
Sujets:
Tags: Ajouter un tag
Pas de tags, Soyez le premier à ajouter un tag!

MARC

LEADER 00000naa a2200000 4500
001 0227553
005 20221104111150.5
041 0 |a slo 
044 |a SK 
245 1 0 |a Zákon o konkurze a reštrukturalizácii - novela  |c Lucia Sandtner 
520 |a Výrazné zmeny v konkurznom práve, ktoré zásadným spôsobom zjednodušujú a sprehľadňujú konkurzné právo v SR. 
610 2 0 |a konkurzy 
610 2 0 |a bankrot 
610 2 0 |a oddlženie 
610 2 0 |a úpravy právne 
100 1 |a Sandtner, Lucia